Acquiring information through peers (Record no. 515642)

000 -LEADER
fixed length control field 00964nam a22001457a 4500
008 - FIXED-LENGTH DATA ELEMENTS--GENERAL INFORMATION
fixed length control field 210203b ||||| |||| 00| 0 eng d
100 ## - MAIN ENTRY--PERSONAL NAME
Personal name Herskovic, Bernard and Ramos, Joao
245 ## - TITLE STATEMENT
Title Acquiring information through peers
260 ## - PUBLICATION, DISTRIBUTION, ETC. (IMPRINT)
Place of publication, distribution, etc The American Economic Review
300 ## - PHYSICAL DESCRIPTION
Extent 110(7), Jul, 2020: p.2128-2152
520 ## - SUMMARY, ETC.
Summary, etc We develop an endogenous network formation model, in which agents form connections to acquire information. Our model features complementarity in actions as agents care not only about accuracy of their decision-making but also about the actions of other agents. In equilibrium, the information structure is a hierarchical network, and, under weakly convex cost of forming links, the equilibrium network is core-periphery. Although agents are ex ante identical, there is ex post heterogeneity in payoffs and actions. – Reproduced
773 ## - HOST ITEM ENTRY
Main entry heading The American Economic Review
906 ## - LOCAL DATA ELEMENT F, LDF (RLIN)
Subject DIP INFORMATION TECHNOLOGY
942 ## - ADDED ENTRY ELEMENTS (KOHA)
Item type Articles
Holdings
Withdrawn status Lost status Source of classification or shelving scheme Damaged status Not for loan Permanent location Current location Date acquired Serial Enumeration / chronology Barcode Date last seen Koha item type
          Indian Institute of Public Administration Indian Institute of Public Administration 2021-02-03 110(7), Jul, 2020: p.2128-2152 AR124046 2021-02-03 Articles

Powered by Koha